Tous les personnages de super Smash Bros ultimate - Statistiques

Statistiques générales
  • Ce quiz a été pris 25 fois
  • Le résultat moyen est 39 sur 89
Statistiques - réponses
Numéro Réponse % Correct
9 Luigi
95%
1 Mario
95%
13 Peach
89%
14 Bowser
79%
13* Daisy
74%
30 Wario
68%
58 Bowser Jr
63%
2 Donkey Kong
63%
6 Kirby
63%
3 Link
63%
5 Yoshi
63%
23 Ganondorf
58%
32 Ike
58%
22 Link Enfant
58%
27 Meta Knight
58%
19 Pichu
58%
4 Samus
58%
17 Zelda
58%
50 Amphinobi
53%
36 Diddy Kong
53%
60* Ken
53%
21 Marth
53%
24 Mewtwo
53%
10 Ness
53%
8 Pikachu
53%
28 Pit
53%
28* Pit Maléfique
53%
65 Ridley
53%
39 Roi Dadidou
53%
60 Ryu
53%
11 Captain Falcon
47%
18 Dr Mario
47%
20 Falco
47%
69 Félinferno
47%
7 Fox
47%
43 Link Cartoon
47%
37 Lucas
47%
21* Lucina
47%
54 Palutena
47%
25 Roy
47%
4* Samus Sombre
47%
78 Séphiroth
47%
16 Sheik
47%
77 Steve / Alex
47%
61 Cloud
42%
35 Dracaufeu
42%
15 Ice Climbers
42%
67 King K. Rool
42%
41 Lucario
42%
68 Marie
42%
42 R.O.B
42%
29 Samus Sans Armure
42%
38 Sonic
42%
45 Villageois
42%
44 Wolf
42%
63 Bayonetta
37%
33 Carapuce
37%
25* Chrom
37%
56 Daraen
37%
34 Herbizare
37%
46 Mega man
37%
76 Min Min
37%
26 Mr Game & Watch
37%
40 Olimar
37%
12 Rondoudou
37%
73 Banjo & Kazooie
32%
62 Corrin
32%
48 Harmonie & Luma
32%
71 Joker
32%
81 Kazuya
32%
55 PAC man
32%
70 Plante Piranha
32%
79 Pyra
32%
82 Sora
32%
72 Héros
26%
64 Inkling
26%
80 Mythra
26%
66* Richter
26%
57 Shulk
26%
66 Simon
26%
31 Snake
26%
74 Terry
26%
59 Duo Duck Hunt
21%
47 Entraîneuse Wii Fit
21%
49 Little Mac
21%
51 Boxeur
11%
52 Épéiste
11%
53 Tireur
11%
75 Bylethn
0%
Aucun quiz correspondant
Distribution des résultats
% des personnes avec chaque résultat
Percentile par nombre de réponses
Votre historique - résultats
Vous n’avez pas pris ce quiz